| 000 | 00392nam a2200157Ia 4500 | ||
|---|---|---|---|
| 003 | Ost | ||
| 005 | 20260225132551.0 | ||
| 008 | 260225s9999||||xx |||||||||||||| ||und|| | ||
| 040 | _cfsic | ||
| 041 | _afre | ||
| 082 | _a321.1 | ||
| 100 |
_aTAYEB BOUGUERRA _eAuteur |
||
| 245 | 0 | _aLe dit et non-dit à propos de l'algerie chez ALBERT CAMUS ' / | |
| 245 | 0 | _cTAYEB BOUGUERRA | |
| 942 | _cكتاب | ||
| 999 |
_c34176 _d34176 |
||